000 00583nam a2200229Ia 4500
003 OSt
005 20230516140402.0
008 210423s2012 xx 000 0 und d
020 _a978-0-521-18678-0
040 _cAL
041 _aeng
082 _a895.1 DANC
100 _aDAN (Yao)
_9105300
245 _aChinese literature
260 _aNew York
_bCambridge University Press
_c2012
300 _a251
_bPB
365 _b1544
_cINR
650 _aLiterature
_9105301
650 _aLiterature of other languages
_9105302
906 _aChinese ; literature
942 _2ddc
_cBK
999 _c166357
_d166357